| 000 | 01120nam a2200229Ia 4500 | ||
|---|---|---|---|
| 999 |
_c50348 _d50348 |
||
| 001 | 17289 | ||
| 003 | GE_BSU | ||
| 005 | 20200212122303.0 | ||
| 008 | 181216s2014ge xx |||||||||||||| ||geo|| | ||
| 020 | _a9789941066573 | ||
| 040 | _cGE_BSU | ||
| 041 | _ageo | ||
| 080 | _a373.5.035 ს-23 | ||
| 245 |
_aსამოქალაქო განათლების გზამკვლევი : _b[საარჩევნო სისტემების საერთაშ. ფონდის წარმომადგენლობა IFES საქართველო] / _cილ. მაია აბაშიძე. |
||
| 264 |
_a[თბილისი] _bCezanne; [სეზანი], _c2014. |
||
| 300 |
_a60 გვ. : _bილ. ; _c 22 სმ. |
||
| 500 | _aაღწერილია ყდიდან. | ||
| 653 | _aსამოქალაქო განათლება | ||
| 653 | _aსამოქალაქო განათლების გზამკვლევი | ||
| 700 |
_aაბაშიძე, მაია _eილუტრაცია _96990 |
||
| 942 |
_cBK _2udc |
||